000 00321nam a2200097Ia 4500
008 241105s9999 xx 000 0 und d
041 _aeng
100 _aAgarwal Barsha
_9184201
245 _aLandscape Policies And Design Strategies For The Revival Of Poisar River
260 _bBNCA M Arch Landscape Architecture, Pune
_c2022
999 _c362043
_d362043